[Event "CAN op"]
[Site "Hamilton CAN"]
[Date "2022.07.15"]
[Round "6.80"]
[White "Bokhout, Peter"]
[Black "Narula, Japveer"]
[Result "0-1"]
[WhiteElo "1852"]
[BlackElo "1326"]
[PlyCount "66"]
[EventDate "2022.07.12"]
[EventType "swiss"]
[EventRounds "9"]
[EventCountry "CAN"]

1. c4 e5 2. Nc3 Nc6 3. Nf3 Nf6 4. d3 Bc5 5. e3 O-O 6. a3 a5 7. Be2 d6 8. O-O
Bf5 9. e4 Bg4 10. h3 Bxf3 11. Bxf3 Nd4 12. Rb1 Qd7 13. b4 axb4 14. axb4 Bb6 15.
Bg5 Qe6 16. Bxf6 Qxf6 17. Nd5 Qe6 18. Bg4 Qh6 19. Kh2 Ne6 20. g3 Ra2 21. Kg2
Bd4 22. Qb3 Rfa8 23. Bxe6 fxe6 24. Nxc7 R8a3 25. Qd1 Rd2 26. Qg4 Raa2 27. Qxe6+
Qxe6 28. Nxe6 Bxf2 29. h4 h5 30. Kh3 Bg1 31. g4 Rh2+ 32. Kg3 Rag2+ 33. Kf3
hxg4# 0-1

[Event "CAN op"]
[Site "Hamilton CAN"]
[Date "2022.07.15"]
[Round "6.81"]
[White "Wang, Rachel"]
[Black "Deshpande, Nevin"]
[Result "1-0"]
[WhiteElo "1850"]
[BlackElo "1322"]
[PlyCount "78"]
[EventDate "2022.07.12"]
[EventType "swiss"]
[EventRounds "9"]
[EventCountry "CAN"]

1. d4 Nf6 2. c4 c5 3. d5 e6 4. Nc3 exd5 5. cxd5 d6 6. e4 g6 7. Bd3 Bg7 8. Nge2
a6 9. a4 O-O 10. O-O Nbd7 11. f4 c4 12. Bxc4 Ng4 13. Qe1 Bf6 14. h3 Qb6+ 15.
Kh1 Ne3 16. Bxe3 Qxe3 17. Rf3 Qb6 18. Rb1 Qb4 19. Bd3 Nc5 20. Bc2 Bd7 21. Qd1
Rfe8 22. Ng3 b5 23. Na2 Qc4 24. b3 Qd4 25. Qe1 Bh4 26. Rd1 Qb2 27. Nb4 a5 28.
Rb1 Qd4 29. Nc6 Bxc6 30. dxc6 bxa4 31. bxa4 Bxg3 32. Qxg3 Nxe4 33. Bxe4 Qxe4
34. Rc1 Rac8 35. Rfc3 Re6 36. Rc4 Qf5 37. Qc3 d5 38. Rc5 Qxf4 39. Qxa5 Qf2 1-0

[Event "CAN op"]
[Site "Hamilton CAN"]
[Date "2022.07.15"]
[Round "6.82"]
[White "Bruneau, Gilles"]
[Black "Supsup, Ferdinand"]
[Result "0-1"]
[WhiteElo "1290"]
[BlackElo "1810"]
[PlyCount "54"]
[EventDate "2022.07.12"]
[EventType "swiss"]
[EventRounds "9"]
[EventCountry "CAN"]

1. d4 Nf6 2. Nf3 c5 3. d5 g6 4. c4 Bg7 5. Qc2 d6 6. e4 b5 7. Nbd2 O-O 8. Bd3
Nbd7 9. h3 b4 10. Rb1 a5 11. b3 Nb6 12. Bb2 a4 13. O-O a3 14. Ba1 Nbd7 15. e5
Nh5 16. exd6 exd6 17. Bxg7 Kxg7 18. Ne4 Ndf6 19. Qc1 Nxe4 20. Bxe4 h6 21. g4 f5
22. gxf5 Bxf5 23. Bxf5 Rxf5 24. Qe3 Qf6 25. Nh2 Nf4 26. Kh1 Rh5 27. Ng4 Qg5 0-1

[Event "CAN op"]
[Site "Hamilton CAN"]
[Date "2022.07.15"]
[Round "6.83"]
[White "Basi, Karandeep"]
[Black "Wang, Andy"]
[Result "1/2-1/2"]
[WhiteElo "1280"]
[BlackElo "1806"]
[PlyCount "41"]
[EventDate "2022.07.12"]
[EventType "swiss"]
[EventRounds "9"]
[EventCountry "CAN"]

1. c4 c5 2. g3 g6 3. Bg2 Bg7 4. Nc3 Nc6 5. Nf3 Nf6 6. O-O O-O 7. d3 d6 8. a3 b6
9. Rb1 Bb7 10. b4 Nd4 11. Nxd4 Bxg2 12. Kxg2 cxd4 13. Nd5 Nxd5 14. cxd5 Qd7 15.
Qb3 h5 16. h4 Qb7 17. Kh2 Rfb8 18. Bd2 b5 19. Rbc1 Rc8 20. Rxc8+ Rxc8 21. Rc1
1/2-1/2

[Event "CAN op"]
[Site "Hamilton CAN"]
[Date "2022.07.15"]
[Round "6.84"]
[White "Hartman, Liam"]
[Black "Buscar, Bernard"]
[Result "1-0"]
[WhiteElo "1268"]
[BlackElo "1789"]
[PlyCount "71"]
[EventDate "2022.07.12"]
[EventType "swiss"]
[EventRounds "9"]
[EventCountry "CAN"]

1. d4 Nf6 2. c4 d6 3. Nc3 g6 4. f3 Bg7 5. e4 Nbd7 6. Be3 O-O 7. Qd2 Re8 8. Nge2
b6 9. h4 c5 10. g4 cxd4 11. Nxd4 Ne5 12. O-O-O Qc7 13. h5 Nxc4 14. Bxc4 Qxc4
15. hxg6 fxg6 16. Bh6 Bh8 17. g5 Nd7 18. Qe3 b5 19. Kb1 Nc5 20. b3 Qf7 21. Rhf1
Bd7 22. f4 e6 23. e5 d5 24. Nce2 Rac8 25. Ng3 Qe7 26. Nh1 Ne4 27. Rc1 b4 28.
Ng3 Rc3 29. Rxc3 Nxc3+ 30. Kb2 Rc8 31. Nge2 a5 32. Rc1 Ne4 33. Rxc8+ Bxc8 34.
Nc6 Qc7 35. Qa7 Qxa7 36. Nxa7 1-0

[Event "CAN op"]
[Site "Hamilton CAN"]
[Date "2022.07.15"]
[Round "6.86"]
[White "Bolduc, Jacques"]
[Black "Laughlin, Braden"]
[Result "0-1"]
[WhiteElo "1460"]
[BlackElo "1896"]
[PlyCount "61"]
[EventDate "2022.07.12"]
[EventType "swiss"]
[EventRounds "9"]
[EventCountry "CAN"]

1. d4 Nf6 2. c4 g6 3. Nc3 Bg7 4. Nf3 O-O 5. Bg5 h6 6. Bh4 d6 7. h3 Nbd7 8. e3
e5 9. Be2 c6 10. O-O Qe7 11. Qc2 g5 12. Bg3 e4 13. Nd2 Re8 14. Rad1 a6 15. a4
Nf8 16. Nb3 N6h7 17. c5 d5 18. Bd6 Qe6 19. Bg4 f5 20. Bh5 Rd8 21. Be2 Nf6 22.
Bc7 Rd7 23. Bb6 f4 24. exf4 gxf4 25. f3 e3 26. Bd3 Re7 27. Ne2 Nh5 28. Bd8 Rf7
29. Bh4 Bh8 30. Kh1 Rg7 31. Bf5 0-1

[Event "CAN op"]
[Site "Hamilton CAN"]
[Date "2022.07.15"]
[Round "6.87"]
[White "Wu, Benjamin"]
[Black "Li, Justin"]
[Result "1/2-1/2"]
[WhiteElo "1870"]
[BlackElo "1424"]
[PlyCount "36"]
[EventDate "2022.07.12"]
[EventType "swiss"]
[EventRounds "9"]
[EventCountry "CAN"]

1. e4 c6 2. d4 d5 3. Nc3 dxe4 4. Nxe4 Bf5 5. Ng3 Bg6 6. h4 h6 7. h5 Bh7 8. Nf3
Nf6 9. Bd3 Bxd3 10. Qxd3 e6 11. Bf4 Qa5+ 12. Bd2 Bb4 13. c3 Be7 14. Ne5 Nbd7
15. Nxd7 Nxd7 16. a3 Nf6 17. O-O-O Bxa3 18. bxa3 Qxa3+ 1/2-1/2

[Event "CAN op"]
[Site "Hamilton CAN"]
[Date "2022.07.15"]
[Round "6.88"]
[White "Gillis, Doug"]
[Black "Jiang, Barron Jiyu"]
[Result "0-1"]
[WhiteElo "1417"]
[BlackElo "1791"]
[PlyCount "46"]
[EventDate "2022.07.12"]
[EventType "swiss"]
[EventRounds "9"]
[EventCountry "CAN"]

1. b3 e5 2. Bb2 Nc6 3. e3 d5 4. Bb5 Bd6 5. Nf3 Bg4 6. h3 Bxf3 7. Qxf3 Nge7 8.
Nc3 a6 9. Bxc6+ bxc6 10. d3 O-O 11. O-O Qd7 12. e4 d4 13. Na4 f5 14. c4 fxe4
15. Qxe4 Rf4 16. Qe2 Ng6 17. c5 Be7 18. Rae1 Raf8 19. Bc1 Rh4 20. b4 h6 21. Nb2
Bg5 22. Nc4 Bxc1 23. Rxc1 Nf4 0-1

[Event "CAN op"]
[Site "Hamilton CAN"]
[Date "2022.07.15"]
[Round "6.89"]
[White "Lu, Tony"]
[Black "Lu, Aiden"]
[Result "1-0"]
[WhiteElo "1773"]
[BlackElo "1291"]
[PlyCount "111"]
[EventDate "2022.07.12"]
[EventType "swiss"]
[EventRounds "9"]
[EventCountry "CAN"]

1. e4 e5 2. Nf3 Nc6 3. d4 exd4 4. Bc4 Nf6 5. O-O Bc5 6. e5 d5 7. exf6 dxc4 8.
Re1+ Be6 9. Ng5 Qd5 10. Nc3 Qf5 11. fxg7 Rg8 12. Nce4 O-O-O 13. g4 Qe5 14. Qf3
d3 15. Bf4 Qd5 16. cxd3 Nd4 17. Qd1 cxd3 18. Qxd3 Rxg7 19. Nxc5 Qxc5 20. Rac1
Qb6 21. Bxc7 Qxc7 22. Rxc7+ Kxc7 23. Nxe6+ fxe6 24. Qg3+ Kb6 25. Kf1 Rd5 26.
Re4 Rc7 27. Qe3 Rcd7 28. Rxe6+ Kc7 29. Re7 Rxe7 30. Qxe7+ Rd7 31. Qc5+ Nc6 32.
Kg2 Rd2 33. Qc3 Rd7 34. b4 Kb6 35. Qc5+ Kc7 36. b5 Rd6 37. bxc6 Rxc6 38. Qe7+
Kb6 39. Qxh7 Ka6 40. g5 b5 41. g6 b4 42. g7 b3 43. axb3 Rc8 44. g8=Q Rxg8+ 45.
Qxg8 Ka5 46. Qd5+ Ka6 47. Kf3 Kb6 48. Ke4 Ka6 49. Kd4 Kb6 50. Kc4 Kc7 51. Kc5
a5 52. Qd6+ Kb7 53. Qc6+ Ka7 54. Qb6+ Ka8 55. Kc6 a4 56. Qb7# 1-0

[Event "CAN op"]
[Site "Hamilton CAN"]
[Date "2022.07.15"]
[Round "6.90"]
[White "Zaka, Mohid"]
[Black "Liu, Sean"]
[Result "1-0"]
[WhiteElo "1749"]
[BlackElo "1208"]
[PlyCount "111"]
[EventDate "2022.07.12"]
[EventType "swiss"]
[EventRounds "9"]
[EventCountry "CAN"]

1. d4 e6 2. c4 d5 3. Nc3 Nf6 4. cxd5 exd5 5. Bg5 Be7 6. e3 Be6 7. Bd3 Nbd7 8.
Nge2 h6 9. Bh4 c6 10. Qc2 Nh5 11. Bxe7 Qxe7 12. Rb1 O-O 13. O-O b6 14. b4 Rfc8
15. a4 c5 16. dxc5 bxc5 17. bxc5 Nxc5 18. Bf5 Nf6 19. Bxe6 Qxe6 20. Qa2 Nce4
21. Nb5 a6 22. Nbd4 Qd7 23. Rfd1 Nc3 24. Nxc3 Rxc3 25. Ne2 Rc6 26. Nf4 Rd6 27.
Rd4 Ne4 28. Qa3 Rd8 29. Rbd1 Qf5 30. Qb4 g5 31. Nh3 R8d7 32. Qb1 Qe6 33. Qb4 f5
34. Qb8+ Rd8 35. Qb3 Rb6 36. Qd3 Nc5 37. Qc3 Rc6 38. Qa5 Rd7 39. Qb4 a5 40.
Qxa5 Nb3 41. Qa8+ Kf7 42. R4d3 Nc5 43. Rc3 Ra6 44. Qh8 Rc6 45. Rdc1 Rdc7 46.
Qa8 Rc8 47. Qa7+ R8c7 48. Qa8 Rc8 49. Qa7+ R8c7 50. Qb8 Rc8 51. Qb5 Qe5 52. f4
Qe4 53. fxg5 d4 54. gxh6 Kg6 55. exd4 Qxd4+ 56. Kh1 1-0

[Event "CAN op"]
[Site "Hamilton CAN"]
[Date "2022.07.15"]
[Round "6.92"]
[White "Chen, Ricky"]
[Black "Dolmer, William"]
[Result "1/2-1/2"]
[WhiteElo "1709"]
[BlackElo "1165"]
[PlyCount "121"]
[EventDate "2022.07.12"]
[EventType "swiss"]
[EventRounds "9"]
[EventCountry "CAN"]

1. e4 e5 2. Nf3 Nc6 3. d4 exd4 4. Bc4 Nf6 5. O-O Bc5 6. Bg5 d6 7. c3 dxc3 8.
Nxc3 h6 9. Bh4 Bg4 10. Be2 O-O 11. Nd5 Re8 12. Bxf6 gxf6 13. Nh4 f5 14. Bxg4
fxg4 15. Qxg4+ Qg5 16. Qxg5+ hxg5 17. Nf6+ Kh8 18. Nxe8 Rxe8 19. Nf3 g4 20. Nd2
Nd4 21. Kh1 Kg7 22. a3 Ne2 23. Rae1 Nf4 24. Nb3 Bb6 25. Nc1 Nh5 26. Ne2 Rxe4
27. Ng3 Nxg3+ 28. fxg3 Rxe1 29. Rxe1 Kf6 30. h3 Bd4 31. b3 Be5 32. Kg1 Bxg3 33.
Re8 a6 34. Kf1 Kf5 35. Ke2 d5 36. Rg8 f6 37. Rxg4 Be5 38. Kd3 c5 39. Rg7 b5 40.
Rd7 c4+ 41. bxc4 bxc4+ 42. Ke3 Ke6 43. Rd8 Bc7 44. Ra8 a5 45. Ra6+ Ke5 46. Rc6
Bd8 47. h4 d4+ 48. Kd2 Kd5 49. Rc8 Be7 50. h5 f5 51. h6 Bg5+ 52. Kd1 Bxh6 53.
Ra8 c3 54. Kc2 Kc4 55. Rc8+ Kb5 56. Rd8 Be3 57. Rd5+ Kc4 58. Rd8 f4 59. Rc8+
Kb5 60. Rb8+ Kc4 61. Rc8+ 1/2-1/2

[Event "CAN op"]
[Site "Hamilton CAN"]
[Date "2022.07.15"]
[Round "6.93"]
[White "Jizan, Masoud"]
[Black "Wood, Monika"]
[Result "1-0"]
[WhiteElo "1694"]
[BlackElo "1062"]
[PlyCount "71"]
[EventDate "2022.07.12"]
[EventType "swiss"]
[EventRounds "9"]
[EventCountry "CAN"]

1. d4 d5 2. c4 e6 3. a3 Nf6 4. Nc3 c6 5. Nf3 dxc4 6. e4 Be7 7. Bxc4 O-O 8. O-O
h6 9. Be3 b5 10. Ba2 Bb7 11. Rc1 Nbd7 12. Bb1 Nb6 13. Qc2 Ne8 14. e5 f5 15.
exf6 Nxf6 16. Bxh6 gxh6 17. Qg6+ Kh8 18. Qxh6+ Kg8 19. Ng5 Rf7 20. Nxf7 Kxf7
21. Bg6+ Kg8 22. Ne4 Qf8 23. Nxf6+ Qxf6 24. Rc3 Qg7 25. Qh5 Nd7 26. Rg3 Kf8 27.
Re1 Nf6 28. Qe5 Bc8 29. Ree3 Bd7 30. Ref3 Qh8 31. Rh3 Qg7 32. Rfg3 Qg8 33. Qf4
e5 34. dxe5 Bxh3 35. exf6 Be6 36. Qh6+ 1-0

[Event "CAN op"]
[Site "Hamilton CAN"]
[Date "2022.07.15"]
[Round "6.94"]
[White "Huang, Eric"]
[Black "Zhang, Raymond Tangning"]
[Result "0-1"]
[WhiteElo "1155"]
[BlackElo "1682"]
[PlyCount "50"]
[EventDate "2022.07.12"]
[EventType "swiss"]
[EventRounds "9"]
[EventCountry "CAN"]

1. e4 e6 2. d4 d5 3. Nd2 c5 4. exd5 Qxd5 5. Ngf3 cxd4 6. Bc4 Qd6 7. O-O Nf6 8.
Nb3 Be7 9. Nbxd4 a6 10. c3 O-O 11. Qd3 b5 12. Bb3 e5 13. Re1 exd4 14. Nxd4 Nc6
15. Qf3 Bd7 16. Bf4 Qc5 17. Qg3 Nh5 18. Qe3 Nxf4 19. Qxf4 Nxd4 20. cxd4 Qd6 21.
Qe4 Bf6 22. Bc2 g6 23. Qd3 Bf5 24. Qd2 Bxc2 25. Qxc2 Qxd4 0-1

[Event "CAN op"]
[Site "Hamilton CAN"]
[Date "2022.07.15"]
[Round "6.95"]
[White "Huang, Winston"]
[Black "Jiang, David"]
[Result "0-1"]
[WhiteElo "1131"]
[BlackElo "1678"]
[PlyCount "114"]
[EventDate "2022.07.12"]
[EventType "swiss"]
[EventRounds "9"]
[EventCountry "CAN"]

1. d4 d5 2. c4 e6 3. Nc3 c6 4. e3 Nf6 5. Nf3 Nbd7 6. Bd3 Be7 7. O-O O-O 8. Re1
dxc4 9. Bxc4 b5 10. Bd3 a6 11. e4 c5 12. e5 Nd5 13. Nxd5 exd5 14. dxc5 Nxc5 15.
Bc2 Bg4 16. a3 Rc8 17. b4 Ne4 18. Bxe4 dxe4 19. Qxd8 Rfxd8 20. Nd2 Rxc1 21.
Raxc1 Rxd2 22. Rxe4 h5 23. h3 Be6 24. Re3 Bg5 25. Ree1 Rd3 26. Ra1 h4 27. Red1
Bd2 28. Rac1 Bb3 29. Rc8+ Kh7 30. Rb1 Be6 31. Rc2 Bc3 32. Re2 Bd4 33. Re4 g5
34. Re2 Rxa3 35. Ree1 Ra2 36. Rf1 Bxe5 37. Kh1 Bf5 38. Rb3 Bc2 39. Re3 f6 40.
Re2 Bb3 41. Rxa2 Bxa2 42. Rc1 Bc4 43. Rd1 Kg6 44. Kg1 Kf5 45. f3 Bc3 46. Rb1
Bd4+ 47. Kh1 Ke6 48. Re1+ Be5 49. Kg1 Kd6 50. Rd1+ Kc7 51. Kf2 Kb6 52. Ke3 a5
53. bxa5+ Kxa5 54. Kd2 b4 55. Rb1 b3 56. Kc1 b2+ 57. Kc2 Ba2 0-1

[Event "CAN op"]
[Site "Hamilton CAN"]
[Date "2022.07.15"]
[Round "6.96"]
[White "Fakoorziba, Payam"]
[Black "Ali, Shafkat"]
[Result "0-1"]
[WhiteElo "1003"]
[BlackElo "1619"]
[PlyCount "136"]
[EventDate "2022.07.12"]
[EventType "swiss"]
[EventRounds "9"]
[EventCountry "CAN"]

1. e4 e5 2. Nf3 Nc6 3. Bc4 Bc5 4. c3 Nf6 5. d3 h6 6. O-O a6 7. Bb3 d6 8. Nbd2
Bg4 9. Re1 Qe7 10. Nf1 O-O-O 11. Ng3 d5 12. exd5 Nxd5 13. h3 Bxf3 14. Qxf3 Nf6
15. d4 Bd6 16. Nf5 Qf8 17. Nxd6+ Qxd6 18. dxe5 Nxe5 19. Qf5+ Nfd7 20. Bf4 f6
21. Rad1 Qe7 22. Bg3 g6 23. Qe4 Qc5 24. Rd5 Qb6 25. Red1 Rhf8 26. Qe2 Rfe8 27.
Qd2 Re7 28. Qxh6 Rde8 29. Qd2 Rd8 30. Ba4 c6 31. Rd6 Nc4 32. Qf4 Nxd6 33. Qxd6
Rde8 34. Rd4 a5 35. Bb3 c5 36. Qxb6 Nxb6 37. Rd6 a4 38. Rxb6 axb3 39. Rxb3 Re1+
40. Kh2 Rb1 41. Rb5 Ree1 42. Rxc5+ Kd7 43. Bf4 g5 44. Be3 Rxb2 45. a4 Ra1 46.
Rc4 Raa2 47. Kg3 f5 48. Kf3 Ke6 49. Bd4 Rb1 50. Rc7 Rxa4 51. Rg7 Rb3 52. Ke2
Ra2+ 53. Kd3 b5 54. Rxg5 Rb1 55. Rg6+ Kd5 56. Ke3 b4 57. Rf6 b3 58. Rxf5+ Kd6
59. c4 Re1+ 60. Kf3 b2 61. c5+ Kc7 62. Rf7+ Kd8 63. Bxb2 Rxb2 64. c6 Ree2 65.
Kg3 Rb3+ 66. Kg4 Rc3 67. Rf6 Ke7 68. Rh6 Rxf2 0-1

[Event "CAN op"]
[Site "Hamilton CAN"]
[Date "2022.07.15"]
[Round "6.97"]
[White "Katrib, Jordan"]
[Black "Perez, Gilbert"]
[Result "1-0"]
[WhiteElo "1344"]
[BlackElo "1928"]
[PlyCount "83"]
[EventDate "2022.07.12"]
[EventType "swiss"]
[EventRounds "9"]
[EventCountry "CAN"]

1. e4 d6 2. d4 Nf6 3. Nd2 g6 4. Ngf3 Bg7 5. Bd3 O-O 6. O-O Nc6 7. c3 e5 8. a3
Bg4 9. h3 Bd7 10. Qb3 Rb8 11. Re1 Nh5 12. dxe5 dxe5 13. Bf1 Be6 14. Qc2 f5 15.
exf5 gxf5 16. Bc4 Bxc4 17. Nxc4 e4 18. Bg5 Qe8 19. Nd4 Nxd4 20. cxd4 Bxd4 21.
Rad1 c5 22. Be3 Rd8 23. Na5 Rf7 24. Nb3 Bxe3 25. fxe3 b6 26. Qf2 Rxd1 27. Rxd1
f4 28. Qh4 Nf6 29. Qxf4 Nd7 30. Qh4 Rg7 31. Nd2 Qg6 32. Qxe4 Qh5 33. Qf3 Qg5
34. Ne4 Qd8 35. Qf5 Kh8 36. Rd6 Qe7 37. Rxd7 Qxd7 38. Qf8+ Rg8 39. Qxg8+ Kxg8
40. Nf6+ Kf7 41. Nxd7 Ke6 42. Nf8+ 1-0

[Event "CAN op"]
[Site "Hamilton CAN"]
[Date "2022.07.15"]
[Round "6.98"]
[White "Frangakis, Evan"]
[Black "Sun, Michael"]
[Result "1-0"]
[WhiteElo "1589"]
[BlackElo "1043"]
[PlyCount "99"]
[EventDate "2022.07.12"]
[EventType "swiss"]
[EventRounds "9"]
[EventCountry "CAN"]

1. d4 d5 2. Nf3 c6 3. Bf4 Bf5 4. e3 e6 5. c4 Bd6 6. c5 Bxf4 7. exf4 Nd7 8. Nc3
Ne7 9. Be2 O-O 10. O-O Ng6 11. Qd2 Nh4 12. Ne5 f6 13. Nxd7 Qxd7 14. Qe3 Ng6 15.
g4 Be4 16. f3 f5 17. fxe4 fxe4 18. Qg3 b6 19. b4 a5 20. Na4 bxc5 21. Nxc5 Qd6
22. f5 Qxg3+ 23. hxg3 exf5 24. gxf5 Ne7 25. g4 axb4 26. Na6 h5 27. Nxb4 hxg4
28. Bxg4 e3 29. Rf3 c5 30. dxc5 Ra4 31. a3 Nc6 32. Nxc6 Rxg4+ 33. Kf1 Re4 34.
Ke2 Rc8 35. Nb4 d4 36. Nd3 Rh4 37. a4 Rh2+ 38. Ke1 Rh1+ 39. Rf1 Rxf1+ 40. Kxf1
Rf8 41. a5 Rxf5+ 42. Ke2 Rf8 43. a6 Ra8 44. a7 g5 45. c6 g4 46. c7 g3 47. Rg1
Rc8 48. Rxg3+ Kf7 49. Ne5+ Ke6 50. Nc4 1-0

[Event "CAN op"]
[Site "Hamilton CAN"]
[Date "2022.07.15"]
[Round "6.100"]
[White "Benggawan, Undriadi"]
[Black "Sun, Jonathan"]
[Result "1/2-1/2"]
[WhiteElo "1584"]
[BlackElo "873"]
[PlyCount "94"]
[EventDate "2022.07.12"]
[EventType "swiss"]
[EventRounds "9"]
[EventCountry "CAN"]

1. d4 d5 2. Bf4 Nc6 3. e3 a6 4. c3 Nf6 5. Bd3 Bg4 6. f3 Bh5 7. g4 Bg6 8. h4 e6
9. h5 Bxd3 10. Qxd3 Bd6 11. g5 Bxf4 12. exf4 Nd7 13. Nd2 f6 14. Nh3 f5 15. Qe3
Qe7 16. Nf2 O-O-O 17. O-O-O Nb6 18. Nd3 Na5 19. Rde1 Rde8 20. Nc5 Nac4 21.
Qxe6+ Qxe6 22. Rxe6 Rxe6 23. Nxe6 Rg8 24. Re1 Re8 25. Nxc4 Nxc4 26. b3 Nb6 27.
Kd2 g6 28. hxg6 hxg6 29. Nc5 Rxe1 30. Kxe1 Nd7 31. Nd3 a5 32. Kd2 b5 33. a3 Kb7
34. Ne5 Nf8 35. c4 c6 36. Kc3 Kc7 37. Nd3 Ne6 38. cxd5 cxd5 39. Ne5 Nxf4 40.
Kd2 Kd6 41. Ke3 Ng2+ 42. Kf2 Nf4 43. Ke3 Ng2+ 44. Ke2 Nf4+ 45. Kf1 Kc7 46. Kf2
Kd6 47. Kf1 Kc7 1/2-1/2

[Event "CAN op"]
[Site "Hamilton CAN"]
[Date "2022.07.15"]
[Round "6.102"]
[White "Palsson, Halldor"]
[Black "Sun, Erik"]
[Result "1-0"]
[WhiteElo "1962"]
[BlackElo "853"]
[PlyCount "99"]
[EventDate "2022.07.12"]
[EventType "swiss"]
[EventRounds "9"]
[EventCountry "CAN"]

1. d4 Nf6 2. c4 g6 3. Nc3 Bg7 4. e4 d6 5. f3 Nfd7 6. Be3 e5 7. d5 c6 8. Qd2 h6
9. O-O-O c5 10. g4 g5 11. Nge2 Na6 12. Ng3 Nb6 13. Kb1 Bd7 14. Nb5 Bxb5 15.
cxb5 Nb4 16. a3 N4xd5 17. exd5 a6 18. Nf5 Bf6 19. h4 gxh4 20. Bxh6 axb5 21.
Bxb5+ Nd7 22. Nxd6+ Ke7 23. Nf5+ Ke8 24. g5 Rxh6 25. gxh6 Qb6 26. Bxd7+ Kxd7
27. Ka2 Qa6 28. Qc2 c4 29. d6 Qb6 30. Qxc4 Rf8 31. Rc1 e4 32. Qc7+ Qxc7 33.
dxc7 exf3 34. Rhd1+ Kc8 35. Nd6+ Kd7 36. Ne4+ Ke6 37. Nxf6 Kxf6 38. c8=Q Rxc8
39. Rxc8 Kg6 40. Rf1 Kxh6 41. Rxf3 Kg5 42. Rg8+ Kh5 43. Rxf7 Kh6 44. Rxb7 h3
45. Rh8+ Kg6 46. Rxh3 Kf6 47. Re3 Kg6 48. Rf3 Kh6 49. Rg3 Kh5 50. Rh7# 1-0

[Event "CAN op"]
[Site "Hamilton CAN"]
[Date "2022.07.15"]
[Round "6.103"]
[White "Joseph, Jonath"]
[Black "Zapata, Edgar"]
[Result "1-0"]
[WhiteElo "1782"]
[BlackElo "1151"]
[PlyCount "37"]
[EventDate "2022.07.12"]
[EventType "swiss"]
[EventRounds "9"]
[EventCountry "CAN"]

1. e4 e5 2. Nc3 g6 3. Bc4 Bg7 4. f4 exf4 5. Nf3 Nc6 6. d4 Nge7 7. O-O d6 8.
Bxf4 O-O 9. Be3 a6 10. Ng5 h5 11. Nxf7 Rxf7 12. Bxf7+ Kh7 13. Qf3 Nxd4 14.
Bxg6+ Kxg6 15. Qf7+ Kh7 16. Bxd4 Qg8 17. Qxh5+ Bh6 18. Rf7+ Qxf7 19. Qxf7+ 1-0

[Event "CAN op"]
[Site "Hamilton CAN"]
[Date "2022.07.15"]
[Round "6.104"]
[White "Yang, Nathan"]
[Black "Moran-Venegas, Mario"]
[Result "1/2-1/2"]
[WhiteElo "1169"]
[BlackElo "1754"]
[PlyCount "71"]
[EventDate "2022.07.12"]
[EventType "swiss"]
[EventRounds "9"]
[EventCountry "CAN"]

1. d4 Nf6 2. Bf4 d5 3. e3 c5 4. Nd2 Nc6 5. c3 Bg4 6. Ngf3 e6 7. Bd3 Be7 8. h3
Bh5 9. O-O c4 10. Bc2 b5 11. Qc1 a6 12. Re1 b4 13. Ba4 Rc8 14. Ne5 Qb6 15. Nxc6
Rxc6 16. Bxc6+ Qxc6 17. Bg5 h6 18. Bxf6 gxf6 19. e4 Bg6 20. exd5 Qxd5 21. cxb4
Bd3 22. b3 Rg8 23. g3 Qxd4 24. Re3 Bxb4 25. Nf3 Qd6 26. bxc4 Rxg3+ 27. fxg3
Qxg3+ 28. Kh1 Be4 29. Qf1 Qf4 30. Rb3 Bd6 31. Qg2 a5 32. Kg1 Bc5+ 33. Kf1 a4
34. Rc3 Bb4 35. Rd1 Bg6 36. Qb2 1/2-1/2

[Event "CAN op"]
[Site "Hamilton CAN"]
[Date "2022.07.15"]
[Round "6.105"]
[White "Mourgelas, James"]
[Black "Sharpe, Michael"]
[Result "0-1"]
[WhiteElo "1346"]
[BlackElo "1519"]
[PlyCount "60"]
[EventDate "2022.07.12"]
[EventType "swiss"]
[EventRounds "9"]
[EventCountry "CAN"]

1. e4 c5 2. Nf3 d6 3. g3 g6 4. Bg2 Bg7 5. O-O Nc6 6. c3 e5 7. d3 Nge7 8. Be3
O-O 9. d4 cxd4 10. cxd4 Bg4 11. Qd2 Bxf3 12. Bxf3 exd4 13. Bf4 Ne5 14. Bxe5
dxe5 15. Na3 Rc8 16. Rac1 Qd7 17. Rxc8 Rxc8 18. Rc1 Rxc1+ 19. Qxc1 Qc6 20. Qd2
Nc8 21. Bg2 Nd6 22. f3 b5 23. b3 Qc5 24. Nb1 d3+ 25. Kh1 Qc2 26. Qe1 Qe2 27.
Qf1 Bh6 28. Nc3 Qc2 29. Nd1 d2 30. h4 Qxa2 0-1

[Event "CAN op"]
[Site "Hamilton CAN"]
[Date "2022.07.15"]
[Round "6.106"]
[White "Takeuchi, Nobuko"]
[Black "Dickson, Kirk"]
[Result "0-1"]
[WhiteElo "927"]
[BlackElo "1780"]
[PlyCount "98"]
[EventDate "2022.07.12"]
[EventType "swiss"]
[EventRounds "9"]
[EventCountry "CAN"]

1. d4 d5 2. c4 c6 3. Nc3 f5 4. Bf4 e6 5. e3 Bd6 6. Be5 Nf6 7. Nf3 O-O 8. c5
Bxe5 9. Nxe5 Ne4 10. Be2 Nd7 11. Nxe4 fxe4 12. Nxd7 Bxd7 13. O-O Qg5 14. Bg4
Rf6 15. Qe2 Raf8 16. f3 exf3 17. gxf3 h5 18. f4 Qxg4+ 19. Qxg4 hxg4 20. Rf2 Rh6
21. Rg2 Rh4 22. b4 Be8 23. a4 a6 24. b5 cxb5 25. axb5 Bxb5 26. Kf2 Rh3 27. Rag1
Rf3+ 28. Ke1 Rxe3+ 29. Kd2 Rd3+ 30. Kc2 Rxf4 31. Re1 Kf7 32. Kb2 Rdxd4 33. Re3
Rb4+ 34. Rb3 Rxb3+ 35. Kxb3 a5 36. Rg3 Rf3+ 37. Kb2 Rxg3 38. hxg3 d4 39. Ka3 d3
40. c6 bxc6 41. Kb3 a4+ 42. Kc3 a3 43. Kb3 d2 44. Ka2 d1=Q 45. Kxa3 Qa4+ 46.
Kb2 c5 47. Kb1 c4 48. Kc1 Qa2 49. Kd1 c3 0-1

[Event "CAN op"]
[Site "Hamilton CAN"]
[Date "2022.07.15"]
[Round "6.108"]
[White "Chua, Zachary"]
[Black "Sen, Arya"]
[Result "0-1"]
[WhiteElo "861"]
[BlackElo "1745"]
[PlyCount "58"]
[EventDate "2022.07.12"]
[EventType "swiss"]
[EventRounds "9"]
[EventCountry "CAN"]

1. e4 c5 2. Nf3 e6 3. c3 Nf6 4. Qc2 d5 5. e5 Nfd7 6. d4 cxd4 7. cxd4 Nc6 8. Bd3
Nb4 9. Qd2 Nxd3+ 10. Qxd3 Nb6 11. O-O Bd7 12. Re1 a6 13. Nc3 Rc8 14. Bd2 Nc4
15. b3 Nxd2 16. Nxd2 Bb4 17. Ne2 Bb5 18. Qe3 Qa5 19. Red1 Bxe2 20. Qxe2 Rc2 21.
Rac1 Qxa2 22. Qd3 Rxc1 23. Rxc1 O-O 24. Nf3 f6 25. exf6 Rxf6 26. Ng5 Qxf2+ 27.
Kh1 Rg6 28. Rf1 Qd2 29. Nxe6 Qxd3 0-1

[Event "CAN op"]
[Site "Hamilton CAN"]
[Date "2022.07.15"]
[Round "6.114"]
[White "Zhong, Victor"]
[Black "McKitrick, Jerry"]
[Result "1-0"]
[WhiteElo "1141"]
[BlackElo "1050"]
[PlyCount "57"]
[EventDate "2022.07.12"]
[EventType "swiss"]
[EventRounds "9"]
[EventCountry "CAN"]

1. d4 Nf6 2. c4 e6 3. g3 b6 4. Bg2 c6 5. Nf3 Bb7 6. O-O Be7 7. Nc3 d5 8. cxd5
cxd5 9. Bf4 Nc6 10. Rc1 O-O 11. Re1 Qd7 12. Ne5 Qc7 13. Ng6 Bd6 14. Bxd6 Qxd6
15. Nxf8 Qxf8 16. e4 Rd8 17. e5 Nd7 18. Nb5 Rc8 19. Nd6 Rc7 20. Nxb7 Qc8 21.
Nd6 Qb8 22. f4 Ne7 23. Qg4 Nc8 24. Rxc7 Qxc7 25. Nxc8 Qxc8 26. f5 Qc2 27. fxe6
fxe6 28. Qxe6+ Kh8 29. Qe8+ 1-0

[Event "CAN op"]
[Site "Hamilton CAN"]
[Date "2022.07.15"]
[Round "7.1"]
[White "England, Max"]
[Black "Hambleton, Aman"]
[Result "0-1"]
[WhiteElo "2084"]
[BlackElo "2549"]
[PlyCount "96"]
[EventDate "2022.07.12"]
[EventType "swiss"]
[EventRounds "9"]
[EventCountry "CAN"]

1. e4 c5 2. Nf3 e6 3. d4 cxd4 4. Nxd4 a6 5. Nc3 Qc7 6. Be3 Bb4 7. Bd2 Nf6 8.
Bd3 Bc5 9. Nb3 Ba7 10. Bg5 Nc6 11. Qd2 Ne5 12. O-O-O Nfg4 13. Bh4 b5 14. Rdf1
Nxh2 15. Re1 Nxd3+ 16. cxd3 b4 17. Bg3 bxc3 18. bxc3 d6 19. Rxh2 a5 20. Kd1 e5
21. Ke2 a4 22. Nc1 f5 23. exf5 Bxf5 24. Kf1 O-O 25. Kg1 Rac8 26. Ne2 Qf7 27. d4
Bg6 28. Rh4 a3 29. Rf1 Rb8 30. Nc1 Rb2 31. Qg5 Bb6 32. Qe3 Rc2 33. Qe1 Bd8 34.
Rh3 Ba5 35. Bh2 exd4 36. Bxd6 Bxc3 37. Qe7 Qxe7 38. Bxe7 Ra8 39. f4 Bf7 40. Rg3
Bxa2 41. Nxa2 Rxa2 42. f5 Kf7 43. Bd6 Re2 44. f6 gxf6 45. Rh3 a2 46. Rxh7+ Kg6
47. Rh3 Re1 48. Rhf3 Rxf1+ 0-1